[Event "GCCC December Quads.1"]
[Site "Flint, MI"]
[Date "2002.12.11"]
[Round "2.1"]
[White "Laurin, Edward"]
[Black "Hershberger, Kent"]
[Result "1-0"]
[WhiteElo "1832"]
[BlackElo "1610"]
[PlyCount "45"]
[EventDate "2002.12.11"]

1. e4 d5 2. exd5 Nf6 3. c4 c6 4. dxc6 Nxc6 5. Nf3 e5 6. d3 e4 7. Qe2 Qe7 8.
dxe4 Nxe4 9. Nbd2 Nxd2 10. Qxe7+ Bxe7 11. Bxd2 Bg4 12. Be2 Bxf3 13. Bxf3 Nd4
14. Be4 Rd8 15. Bc3 O-O 16. Rd1 Bf6 17. Bxd4 Bxd4 18. O-O Bxb2 19. Rxd8 Rxd8
20. Bxb7 Rd2 21. c5 Bd4 22. c6 Bb6 23. g3 1-0

[Event "GCCC December Quads.1"]
[Site "Flint, MI"]
[Date "2002.12.11"]
[Round "3.1"]
[White "Kriseler, Mark"]
[Black "Laurin, Edward"]
[Result "1-0"]
[WhiteElo "1925"]
[BlackElo "1832"]
[PlyCount "54"]
[EventDate "2002.12.11"]

1. e3 d5 2. b3 e5 3. Bb2 Bd6 4. f4 Qe7 5. Nf3 Nd7 6. Nc3 c6 7. fxe5 Nxe5 8. Qe2
Nf6 9. O-O-O Ne4 10. Nxe4 dxe4 11. Nxe5 Bxe5 12. g3 Bxb2+ 13. Kxb2 a5 14. a4 b5
15. axb5 Qe5+ 16. c3 Bd7 17. bxc6 Bxc6 18. Qc4 Qd6 19. Bg2 a4 20. Bxe4 Bxe4 21.
Qxe4+ Kd7 22. Rhf1 f6 23. Qd4 Qxd4 24. exd4 axb3 25. Kxb3 Rhb8+ 26. Kc2 Ra2+
27. Kd3 Rbb2 1-0

[Event "GCCC December Quads.1"]
[Site "Flint, MI"]
[Date "2002.12.11"]
[Round "1.3"]
[White "Aldrich, Justin"]
[Black "Laurin, Edward"]
[Result "0-1"]
[WhiteElo "1575"]
[BlackElo "1832"]
[PlyCount "51"]
[EventDate "2002.12.11"]

1. e4 e5 2. Nf3 Nc6 3. Bc4 Bc5 4. O-O Nf6 5. Nc3 d6 6. h3 Nd4 7. d3 Be6 8. Bxe6
Nxe6 9. Ne2 Qd7 10. a3 Rg8 11. b4 Bb6 12. Qe1 g5 13. Ng3 g4 14. hxg4 Rxg4 15.
Be3 O-O-O 16. Nh2 Rg6 17. Nf5 Rdg8 18. g3 Ng7 19. Nh4 Qh3 20. Nxg6 hxg6 21. f4
exf4 22. Rxf4 Rh8 23. Rf2 Qxg3+ 24. Rg2 Bxe3+ 25. Kh1 Qxe1+ 26. Rxe1 0-1

[Event "National Grade 1"]
[Site "Atlanta, GA"]
[Date "2002.12.14"]
[Round "4"]
[White "Shetty, Atulya"]
[Black "Owen, Matthew"]
[Result "1-0"]
[WhiteElo "955"]
[BlackElo "1200"]
[Annotator "Jeff Aldrich"]
[PlyCount "77"]
[EventDate "2002.12.13"]

{Queen's Pawn: Chigorin} 1. Nf3 d5 2. d4 Nf6 3. Nc3 {Not unheard of, but
probably not best. The best way to fight for the center is to use the c-pawn
as a lever. The text move prevents that idea.} Nc6 4. Bf4 Bf5 5. a3 {Defending
the b4-square to prevent entry by the knight. When you see Black's defense to
the same idea, you'll see why this wasn't necessary.} e6 6. Nb5 Rc8 {If Atulya
now takes the c-pawn, he will be giving up two pieces for the rook and pawn.
Long term, this generally favors the player who still has the two pieces.} 7.
e3 a6 {Attacking the knight (instead of playing before the knight moves)
forces White to waste a move to put it back where it was.} 8. Nc3 Bd6 9. Ne5
Ne4 10. Nxe4 dxe4 11. Nxc6 bxc6 12. Bxd6 $6 {The is no need to un-double
Black's pawns.} (12. Bxa6 {wins a pawn.}) 12... cxd6 13. Bxa6 $2 Qa5+ {Oh no!
Taking that bishop moved the c-pawn out of the way, so that the queen could
come out like this. It wasn't available before.} 14. b4 Qxa6 15. a4 {Atulya
doesn't give up hope, though. He knows his best chance for a comeback is that
passed a-pawn.} O-O 16. c3 Rfd8 17. Qb3 d5 18. Kd2 Bg4 19. b5 Qa5 20. Rhb1 c5
$6 {Why give White two connected passed pawns?} 21. dxc5 Rxc5 22. b6 Rb8 ({
Missing} 22... d4 $1 {The c-pawn can't take because of the pin and if White
exchanges, the other rook comes crashing into White's position.}) 23. Ra3 Rc6
24. b7 Rc7 25. Qb5 Qxb5 26. Rxb5 Rbxb7 27. Rxb7 Rxb7 28. a5 Ra7 29. a6 e5 {
DIAGRAM White to Move.} 30. Rb3 $1 {The a-pawn is temporarily immune due to
the weak back-rank. While this move doesn't actually win, it forces Black to
play the right moves.} f6 $2 {Mistake #1.} ({Simply} 30... h6 {gives the king
an escape square.}) 31. Rb8+ Kf7 $2 {Mistake #2.} (31... Bc8 {does no worse
than draw, because White will not be able to trade off the rooks and keep the
passed pawn.}) 32. Rb7+ $1 {Now, nothing can stop the pawn from queening.} Ke8
33. Rxa7 Kd8 34. Rxg7 Ke8 35. a7 Kf8 36. Rb7 Bd7 37. Rxd7 Ke8 38. Rxh7 Kf8 39.
a8=R# 1-0

[Event "National Grade 1"]
[Site "Atlanta, GA"]
[Date "2002.12.15"]
[Round "5"]
[White "Sundaresan, Vishwanathan"]
[Black "Shetty, Atulya"]
[Result "0-1"]
[WhiteElo "1012"]
[BlackElo "955"]
[PlyCount "94"]
[EventDate "2002.12.13"]

1. e4 c5 2. Nf3 Nc6 3. d4 e6 4. Nc3 cxd4 5. Nxd4 Bc5 6. Nf3 Qb6 7. Be3 Bxe3 8.
fxe3 Qxe3+ 9. Qe2 Qb6 10. O-O-O Nge7 11. Qb5 Qxb5 12. Bxb5 O-O 13. Rhf1 a6 14.
Bd3 d5 15. exd5 Nxd5 16. Ng5 h6 17. Nf3 Ne3 18. Rf2 Nxd1 19. Kxd1 Rd8 20. Rd2
Nb4 21. Bh7+ Kxh7 22. Rxd8 e5 23. Rd2 f6 24. a3 Nc6 25. b4 b5 26. Rd6 Bb7 27.
Nd2 Nd4 28. Nd5 Rc8 29. Nb6 Rxc2 30. Rxd4 Rc6 31. Rd8 Rxb6 32. Rb8 Bf3+ 33.
Nxf3 Rxb8 34. Nd2 Rd8 35. Ke2 Kg6 36. Nb3 e4 37. Nc5 f5 38. h3 Kf6 39. g4 g6
40. Ke3 Ke5 41. gxf5 gxf5 42. Nxa6 f4+ 43. Ke2 f3+ 44. Ke3 Rd3+ 45. Kf2 Rxa3
46. Nc5 Ra2+ 47. Ke3 Re2# 0-1

[Event "National Grade 1"]
[Site "Atlanta, GA"]
[Date "2002.12.15"]
[Round "6"]
[White "Shetty, Atulya"]
[Black "Taylor, Paul"]
[Result "1-0"]
[WhiteElo "955"]
[BlackElo "998"]
[PlyCount "31"]
[EventDate "2002.12.13"]

1. Nf3 d5 2. d4 Nf6 3. Bf4 Nc6 4. Nc3 Bf5 5. Nb5 e5 6. dxe5 Ne4 7. e6 Bd6 8.
exf7+ Kxf7 9. Qxd5+ Kf6 10. Nxd6 cxd6 11. O-O-O Nxf2 12. Bg5+ Kg6 13. Bxd8 Nxh1
14. Nh4+ Kh6 15. Nxf5+ Kg6 16. Nh4+ 1-0

[Event "U.S. G/30 Championship"]
[Site "Milwaukee, WI"]
[Date "2002.12.27"]
[Round "1"]
[White "Tsayginov, Igor"]
[Black "Finegold, Ben"]
[Result "0-1"]
[WhiteElo "2180"]
[BlackElo "2633"]
[Annotator "Ben Finegold"]
[PlyCount "40"]
[EventDate "2002.12.27"]

1. d4 d5 2. c4 Nc6 3. Nc3 Nf6 4. cxd5 Nxd5 5. e4 Nxc3 6. bxc3 e5 7. d5 Nb8 8.
Nf3 Bd6 9. Bg5 Qd7 10. Bd3 O-O 11. O-O Qg4 12. Re1 Nd7 13. Be3 Qh5 14. Nd2 Qg6
15. c4 Nc5 16. Bxc5 Bxc5 17. Nb3 Bb4 18. Re3 a5 19. a4 b6 20. c5 bxc5 {And
about 40 moves later 0-1. I won a queen for two pieces, and eventually his
king ran all over the board, getting mated onh7!} 0-1

[Event "U.S. G/30 Championship"]
[Site "Milwaukee, WI"]
[Date "2002.12.28"]
[Round "3"]
[White "Palos, Osman"]
[Black "Finegold, Ben"]
[Result "1-0"]
[WhiteElo "2341"]
[BlackElo "2633"]
[Annotator "Ben Finegold"]
[PlyCount "76"]
[EventDate "2002.12.27"]

1. c4 c6 2. Nf3 d5 3. cxd5 cxd5 4. d4 Nc6 5. Nc3 Nf6 6. Bf4 a6 7. e3 Bg4 8. Be2
e6 9. O-O Be7 10. h3 Bh5 11. a3 O-O 12. b4 Rc8 13. Rc1 b5 14. g4 Bg6 15. Nd2 a5
16. Nxb5 axb4 17. Nc7 Bd6 18. Bxd6 Qxd6 19. Nb5 Qe7 20. a4 e5 21. Nb3 Ne4 22.
dxe5 Qxe5 23. N3d4 Nxd4 24. Qxd4 Qxd4 25. Nxd4 Nc5 26. Bb5 b3 27. Rxc5 Rxc5 28.
Nxb3 Rc3 29. Nd4 h5 30. gxh5 Bxh5 31. Kh2 Rfc8 32. Rg1 Bg6 33. Rg5 R8c5 34. Re5
Ra3 35. Kg3 Ra2 36. Bc6 Rc1 37. f3 Kh7 38. Rxd5 f6 {And about 25 moves later I
lost on time. The final position was 2 rooks and 2 pawns versus rook, knight
and two pawns, and I was trying to win for a while...but eventually lost on
time.} 1-0

[Event "U.S. G/30 Championship"]
[Site "Milwaukee, WI"]
[Date "2002.12.28"]
[Round "2"]
[White "Finegold, Ben"]
[Black "Stamnov, Aleksander"]
[Result "1-0"]
[WhiteElo "2633"]
[BlackElo "2263"]
[PlyCount "93"]
[EventDate "2002.12.27"]

1. d4 d5 2. c4 c6 3. Nc3 Nf6 4. e3 e6 5. Nf3 Nbd7 6. Qc2 Bd6 7. Be2 O-O 8. O-O
Qe7 9. Rd1 b6 10. e4 dxe4 11. Nxe4 h6 12. Nxd6 Qxd6 13. b3 Bb7 14. a4 Rfe8 15.
a5 c5 16. Be3 Qc7 17. h3 Be4 18. Qd2 Rad8 19. axb6 axb6 20. b4 Bxf3 21. gxf3
cxd4 22. Qxd4 e5 23. Qd6 Qc8 24. Ra7 Nf8 25. Qc7 Rxd1+ 26. Bxd1 Qe6 27. Qxb6
Qxh3 28. Qb7 N6d7 29. Ra6 e4 30. f4 Nf6 31. Rxf6 gxf6 32. Qd5 f5 33. c5 Re6 34.
Qxe6 Nxe6 35. c6 Qh4 36. b5 Nxf4 37. c7 Qg5+ 38. Kf1 Qg2+ 39. Ke1 Nd3+ 40. Kd2
f4 41. c8=Q+ Kh7 42. Qf5+ Kg8 43. Bd4 Nxf2 44. Qc8+ Kh7 45. Qh8+ Kg6 46. Qg7+
Kf5 47. Qf6# 1-0

[Event "U.S. G/30 Championship"]
[Site "Milwaukee, WI"]
[Date "2002.12.28"]
[Round "4"]
[White "Finegold, Ben"]
[Black "Gurevich, Dmitry"]
[Result "1-0"]
[WhiteElo "2633"]
[BlackElo "2538"]
[Annotator "Ben Finegold"]
[PlyCount "71"]
[EventDate "2002.12.27"]

1. e4 c5 2. Nf3 Nc6 3. Bb5 g6 4. O-O Bg7 5. Nc3 Nd4 6. Nxd4 cxd4 7. Ne2 a6 8.
Bd3 d6 9. b3 Nf6 10. Bb2 e5 11. c3 d5 12. cxd4 dxe4 13. dxe5 exd3 14. exf6 Bxf6
15. Bxf6 Qxf6 16. Nc3 O-O 17. Rc1 Be6 18. Ne4 Qf4 19. Qf3 Qxf3 20. gxf3 Rac8
21. Kg2 b6 22. Rfe1 Kg7 23. Kg3 a5 24. Nd6 Rxc1 25. Rxc1 a4 26. Rc3 Rd8 27. Nb5
axb3 28. axb3 Rd5 29. Nc7 Rg5+ 30. Kf4 Rg2 31. h4 Bf5 32. Ne8+ Kh6 33. Nd6 Be6
34. Rxd3 Rh2 35. Ke5 Rxh4 36. f4 {And about 30 moves later he resigned. I had
Knight and Pawn versus Nothing. It ended up as Knight and two pawns versus
bishop and two pawns, but he was lost, and had MUCH less time.} 1-0

[Event "U.S. G/30 Championship"]
[Site "Milwaukee, WI"]
[Date "2002.12.29"]
[Round "6"]
[White "Quan, Zhe"]
[Black "Finegold, Ben"]
[Result "0-1"]
[WhiteElo "2238"]
[BlackElo "2633"]
[Annotator "Ben Finegold"]
[PlyCount "57"]
[EventDate "2002.12.27"]

1. d4 Nf6 2. c4 c5 3. d5 e5 4. Nc3 d6 5. e4 Be7 6. Nf3 Nbd7 7. Be2 Nf8 8. O-O
Ng6 9. a3 O-O 10. b4 b6 11. bxc5 bxc5 12. Qc2 h6 13. Rb1 Nh7 14. Bd2 Ng5 15.
Rfe1 f5 16. Nxg5 Bxg5 17. exf5 Bxf5 18. Bd3 Bxd2 19. Qxd2 Bxd3 20. Qxd3 Nf4 21.
Qf1 Qd7 22. Ne4 Rf7 23. f3 Raf8 24. Re3 Ng6 25. Reb3 Nh4 26. Qf2 Nf5 27. Qb2
Qa4 28. Rc3 Qd7 29. Qb5 {I do not have the scoresheet, but this is probably
the right moves. Anyway, I won in about 25 moves. What happened was, I sakced
my rook on f6, and had a nice knight on d4. Then I tricked him later with Qxf3,
adn if gxf3 then Nxf3+ wins my queen back and I win 3 pawns or so for the
exchange. So he did not take my queen, I got a massive attack and he hung
everything in time trouble. I think white was better most of the game, but the
exchange sac was a good practical decision which worked.} 0-1

[Event "U.S. G/30 Championship"]
[Site "Milwaukee, WI"]
[Date "2002.12.29"]
[Round "5"]
[White "Finegold, Ben"]
[Black "Ginsburg, Mark"]
[Result "1-0"]
[WhiteElo "2633"]
[BlackElo "2421"]
[Annotator "Ben Finegold"]
[PlyCount "56"]
[EventDate "2002.12.27"]

1. d4 d5 2. Bg5 c6 3. e3 Qb6 4. Qc1 Nf6 5. Bxf6 gxf6 6. c4 dxc4 7. Bxc4 e5 8.
Nf3 Bg4 9. dxe5 Bxf3 10. gxf3 fxe5 11. Nc3 Qb4 12. Bb3 Nd7 13. Qc2 O-O-O 14.
O-O-O Bg7 15. Rhg1 Qf8 16. Ne4 Nf6 17. Ng5 Rxd1+ 18. Rxd1 Qe7 19. Nxf7 Rf8 20.
Nd6+ Kb8 21. Nf5 Qc7 22. Nxg7 Qxg7 23. Qc5 Ne8 24. Rd8+ Kc7 25. Ra8 Nd6 26.
Rxf8 Qxf8 27. Qxe5 Kb6 28. f4 a5 {And about 20 moves later 1-0. He lost his
knight and had much less time here anyways.} 1-0

[Event "U.S. G/30 Championship"]
[Site "Milwaukee, WI"]
[Date "2002.12.29"]
[Round "7"]
[White "Finegold, Ben"]
[Black "Baze, Lineas"]
[Result "1-0"]
[WhiteElo "2633"]
[BlackElo "2000"]
[PlyCount "123"]
[EventDate "2002.12.27"]

1. d4 Nf6 2. c4 c5 3. d5 b5 4. cxb5 a6 5. f3 d6 6. e4 g6 7. Na3 Bg7 8. Ne2 O-O
9. Nc3 Nfd7 10. Be2 Qb6 11. Nc4 Qd8 12. Qb3 axb5 13. Nxb5 Na6 14. Bd2 Nb4 15.
Bxb4 cxb4 16. Qxb4 Nc5 17. O-O Ra4 18. Qd2 Ba6 19. Nba3 Qb8 20. Rab1 Qa7 21.
Kh1 Rb8 22. b4 Bxc4 23. Nxc4 Rxa2 24. Qe3 Qb7 25. h3 Na4 26. Na5 Qb6 27. Qxb6
Rxb6 28. Bc4 Rb2 29. Nc6 Kf8 30. Rxb2 Bxb2 31. Rf2 Bf6 32. f4 Nb2 33. Bf1 Nd1
34. Rf3 Ba1 35. Bd3 Nb2 36. Be2 Na4 37. Ra3 Nc3 38. Bd3 Bb2 39. Rb3 Ba1 40. b5
Na4 41. Ra3 Nc5 42. Rxa1 Nxd3 43. Ra8+ Kg7 44. Rb8 Rxb8 45. Nxb8 Nc5 46. b6 Kf8
47. Nc6 Nb7 48. e5 Ke8 49. e6 fxe6 50. dxe6 d5 51. Kg1 d4 52. Kf2 d3 53. Ke3
Nc5 54. g4 d2 55. Kxd2 Ne4+ 56. Ke3 Nd6 57. Kd4 Kf8 58. Kd5 Nb7 59. Nb8 Ke8 60.
Kc6 Na5+ 61. Kc7 h5 62. g5 1-0

[Event "Michigan HS Team Reserve"]
[Site "Detroit, MI"]
[Date "2003.??.??"]
[Round "3"]
[White "Liu, Lanxin"]
[Black "Sowa, Jason"]
[Result "0-1"]
[WhiteElo "652"]
[BlackElo "1014"]
[PlyCount "114"]
[EventDate "2003.02.15"]

1. g3 Nf6 2. Bg2 c6 3. Nf3 d5 4. O-O g6 5. d4 Bg7 6. Nc3 Bd7 7. Bf4 Qc8 8. Qd2
O-O 9. Qe3 Re8 10. Bh6 Bh8 11. Bg5 Bh3 12. Bxf6 Bxf6 13. Qh6 Bxg2 14. Kxg2 Qf5
15. Qd2 Nd7 16. Qd3 Qxd3 17. exd3 Nf8 18. Ne5 Bxe5 19. dxe5 e6 20. d4 b6 21.
Rac1 Nd7 22. b3 Rac8 23. Rfd1 Kg7 24. a4 a5 25. Rb1 Rc7 26. b4 axb4 27. Rxb4
Rec8 28. Ra1 c5 29. dxc5 Rxc5 30. Nb5 Rxc2 31. Rab1 R8c4 32. Rxc4 Rxc4 33. Nd6
Rxa4 34. Nc8 Ra6 35. Kf1 Nxe5 36. Nxb6 Nc4 37. Rc1 Rxb6 38. Ke2 Kf6 39. Kd3 Ke5
40. Re1+ Kd6 41. Kc2 f5 42. Rb1 Na3+ 43. Kd3 Rxb1 44. Ke3 Ke5 45. Kf3 g5 46. g4
fxg4+ 47. Kxg4 Rg1+ 48. Kf3 g4+ 49. Ke2 Ke4 50. Kd2 d4 51. h4 Rg2 52. Ke2 d3+
53. Kd1 Rxf2 54. h5 Rf1+ 55. Kd2 Rf2+ 56. Kd1 Ke3 57. h6 Rf1# 0-1

[Event "Warren G10"]
[Site "?"]
[Date "2003.??.??"]
[Round "?"]
[White "Baze, Lineas"]
[Black "Brooks, John"]
[Result "1-0"]
[WhiteElo "2012"]
[BlackElo "2200"]
[PlyCount "81"]
[EventDate "2003.??.??"]

{In this Quick (10-Minute) Game, I got the advantage out of the opening, then
a mis-step on move 18 by John led to me getting a big advantage. My 21st move
created a won position. Technique was not very good, but the win was still
there, and I ended with 4/6. This, after a long series of losses to John, one
of Michigan's best Quick players. I ended up in a massive tie for second,
finishing behind Salah Chehayeb, who had beaten me earlier, and finished with
4.5/6.} 1. e4 {It was round six of a 12-person Swiss. John had a chance to win
first place with a victory, and I had a chance to get second place with a win.}
c5 2. Nf3 d5 {Cross between Sicilian and Center-Counter.} 3. exd5 Qxd5 4. Nc3
Qd8 5. Bb5+ Bd7 6. Bxd7+ Qxd7 7. O-O Nc6 8. d3 e5 9. Re1 f6 10. Be3 Nd4 11.
Bxd4 {I gave up the bishop pair to gain time.} cxd4 12. Ne4 O-O-O {Throwing
down the gauntlet.} 13. c3 {This was a pawn sacrifice to get some open files.}
dxc3 14. Rc1 Kb8 ({Not} 14... Qxd3 {due to} 15. Rxc3+) 15. bxc3 Qxd3 16. Qb3
Qd5 17. c4 Qc6 18. c5 Ne7 {A mistake by John which allows an initiative.} 19.
Nd6 Rg8 20. Nf7 Rd7 {This is not best, leads to a lost game.} 21. N7xe5 {A
temporary "sacrifice" which leads to a won game.} fxe5 22. Nxe5 Qd5 23. Nxd7+
Qxd7 24. c6 Qc7 25. Rxe7 $6 (25. Qxg8 $18 Nxg8 26. Re8+ Qc8 27. c7+ Ka8 28.
Rxc8#) 25... Qxe7 26. Qxg8 (26. c7+ $18 Qxc7 27. Rxc7 Kxc7 28. Qxg8 $18) 26...
bxc6 27. Qb3+ Kc7 28. Rb1 Kd7 29. Qb7+ Kd6 30. Rd1+ Kc5 31. Rc1+ Kd4 32. Qxc6
Qb4 33. Rd1+ Ke5 34. Qc7+ (34. Rd5+ Kf4 35. g3+ Kg4 36. Qe6+ Kf3 37. Rd3#)
34... Ke6 35. Qxa7 Bc5 36. Qa6+ Kf7 37. Qe2 h6 38. Rd7+ Be7 39. Qxe7+ Qxe7 40.
Rxe7+ Kxe7 41. f4 $18 {So, the theme was to attack down the center, due to
Black's lack of development, rather than a direct attack on the king. I
learned that being castled on opposite wings does not necessarily require
mutual pawn storms. Note how my king was very safe throughout the whole game.
John was very gracious about the rating-point upset. We did not keep a game
score, so I remembered the game, a few hours, later. Move 37...h6 might not
have been played, but it was essentially this sequence, at the end.} 1-0

[Event "U.S. Championship"]
[Site "Seattle, WA"]
[Date "2003.01.09"]
[Round "1"]
[White "Baginskaite, Kamile"]
[Black "Finegold, Ben"]
[Result "0-1"]
[WhiteElo "2409"]
[BlackElo "2633"]
[PlyCount "112"]
[EventDate "2003.01.09"]

1. d4 Nf6 2. Nf3 g6 3. c4 Bg7 4. g3 O-O 5. Bg2 d6 6. Nc3 Nbd7 7. O-O e5 8. e4
c6 9. h3 Qb6 10. Re1 Ne8 11. dxe5 dxe5 12. b3 Qb4 13. Nb1 Qe7 14. Ba3 Nc5 15.
Nc3 Nc7 16. Qc2 b6 17. Rad1 N7e6 18. b4 Na6 19. Nd5 cxd5 20. exd5 Nxb4 21. Qb3
Nc5 22. Bxb4 e4 23. Qe3 f5 24. Nd4 Bd7 25. Nb3 Rfc8 26. Nxc5 bxc5 27. Bc3 Qd6
28. Rb1 Rab8 29. Rb3 Ba4 30. Ra3 Bxc3 31. Qxc3 Rb4 32. Kh2 Rf8 33. Re2 Qa6 34.
Rc2 Qf6 35. Qxf6 Rxf6 36. Rc1 Kf8 37. f3 exf3 38. Bxf3 a6 39. Kg1 h5 40. Kf2 f4
41. gxf4 Rxf4 42. Kg3 Rbxc4 43. Rxc4 Rxc4 44. Be2 h4+ 45. Kf3 Rd4 46. Bxa6 Bd7
47. Bc8 Bxc8 48. Ra8 Rxd5 49. Rxc8+ Ke7 50. Ke4 Rd4+ 51. Ke3 Rc4 52. Rc6 Rc3+
53. Kd2 Rxh3 54. Rxg6 Rh1 55. Rh6 h3 56. Kc3 h2 0-1

[Event "U.S. Championship"]
[Site "Seattle, WA"]
[Date "2003.01.11"]
[Round "3"]
[White "Kriventsov, Stanislav"]
[Black "Finegold, Ben"]
[Result "0-1"]
[WhiteElo "2461"]
[BlackElo "2633"]
[Annotator "Ben Finegold"]
[PlyCount "82"]
[EventDate "2003.01.09"]

{Sicilian: Maroczy (Breyer)} 1. e4 c5 2. Nf3 Nc6 3. d4 cxd4 4. Nxd4 g6 5. c4
Bg7 6. Be3 Nf6 7. Nc3 Ng4 8. Qxg4 Nxd4 9. Qd1 e5 10. Bd3 O-O 11. Nb5 $6 {He
should not mix Bd3 and Nb5 in the opening (one or the other is fine).} Nxb5 12.
cxb5 d5 13. O-O Be6 14. Qa4 d4 15. Bd2 f5 16. Rac1 ({This move is bad.} 16. f3
$142) 16... fxe4 17. Bxe4 Bd5 18. Bxd5+ (18. Qc2) 18... Qxd5 19. Qc4 Qxc4 20.
Rxc4 e4 21. Rc7 Rf7 22. Rfc1 Be5 23. Rc8+ Rxc8 24. Rxc8+ Kg7 25. Re8 Kf6 26. h4
$2 {Very bad, as this assures all bishop endings are lost.} h5 27. g3 Kf5 28.
Kf1 Bd6 29. Ke2 d3+ 30. Kd1 Rf8 31. Rxf8+ Bxf8 32. Be3 b6 33. a4 Bb4 34. Bf4
Kg4 35. Bb8 Kf3 36. Bxa7 Bc5 37. a5 Kxf2 38. b4 e3 39. bxc5 e2+ 40. Kd2 e1=Q+
41. Kxd3 Qe3+ 0-1